LA INVERSION EXTRANJERA EN MEXICO /

INDICE

Збережено в:
Бібліографічні деталі
Автор: Sepúlveda Amor, Bernardo (autor)
Інші автори: Chumacero, Antonio (autor) (autor)
Формат: Книга
Предмети:
Теги: Додати тег
Немає тегів, Будьте першим, хто поставить тег для цього запису!

MARC

LEADER 00000nam^a2200000^a^4500
001 000228602
005 20250521000000.0
009 20260310104330.974
035 |a 047759 
037 |a Acervo Xavier Clavigero 
082 |a 332. 673  |b SEP 
100 |a Sepúlveda Amor, Bernardo  |e (autor) 
245 1 3 |a LA INVERSION EXTRANJERA EN MEXICO /  |c BERNARDO SEPULVEDA, ANTONIO CHUMACERO 
264 |a MEXICO :  |b FCE,  |c 1973 
300 |a 262p. 
336 |a texto  |b txt  |2 rdacontenido 
337 |a sin mediación  |b n  |2 rdamedio 
338 |a volumen  |b nc  |2 rdasoporte 
520 |a INDICE 
649 |a XX 
650 |a Inversiones Extranjeras -  |z México 
650 |a INVERSIONES -  |x MEXICO 
700 |a Chumacero, Antonio  |e (autor) 
910 |a Fondo General 
920 |a Impresos - Libros 
930 |a Colección General 
905 |a 101 
901 |a 047759  |b IT1  |c ACC  |i 047759  |u 20250521 
902 |a https://opac.biblio.iteso.mx/vufind/Record/000228602